NEONATAL-PERINATAL MRDICINE (Record no. 3920)
[ view plain ]
| 000 -LEADER | |
|---|---|
| fixed length control field | 00490 UNIa2200169COL4500 |
| 003 - CONTROL NUMBER IDENTIFIER | |
| control field | ALUPE UNIVERSITY COLLEGE |
| 005 - DATE AND TIME OF LATEST TRANSACTION | |
| control field | 20220221133536.0 |
| 008 - FIXED-LENGTH DATA ELEMENTS--GENERAL INFORMATION | |
| fixed length control field | 220221b ||||| |||| 00| 0 eng d |
| 020 ## - INTERNATIONAL STANDARD BOOK NUMBER | |
| International Standard Book Number | 0801616468 |
| 040 ## - CATALOGING SOURCE | |
| Transcribing agency | ALUPE UNIVERSITY COLLEGE |
| 050 ## - LIBRARY OF CONGRESS CALL NUMBER | |
| Classification number | RJ254 |
| Item number | .N46 1992 |
| 245 ## - TITLE STATEMENT | |
| Title | NEONATAL-PERINATAL MRDICINE |
| Remainder of title | DISEASES OF THE FETUS AND INFANT |
| 250 ## - EDITION STATEMENT | |
| Edition statement | 5TH EDITION |
| Remainder of edition statement | Vol. 2 |
| 260 ## - PUBLICATION, DISTRIBUTION, ETC. | |
| Place of publication, distribution, etc. | Chicago |
| Name of publisher, distributor, etc. | Mosby Year Book |
| Date of publication, distribution, etc. | c1992 |
| 504 ## - BIBLIOGRAPHY, ETC. NOTE | |
| Bibliography, etc. note | Includes index |
| 942 ## - ADDED ENTRY ELEMENTS (KOHA) | |
| Source of classification or shelving scheme | |
| Koha item type | Book |
| Withdrawn status | Lost status | Source of classification or shelving scheme | Damaged status | Not for loan | Permanent Location | Current Location | Shelving location | Date acquired | Source of acquisition | Total Checkouts | Full call number | Barcode | Date last seen | Price effective from | Koha item type | Public note |
|---|---|---|---|---|---|---|---|---|---|---|---|---|---|---|---|---|
| AU LIBRARY | AU LIBRARY | Open Shelf | 21.02.2022 | DONATION FROM MOI UNIVERSITY | RJ254 .N46 1992 | 28005586 | 21.02.2022 | 21.02.2022 | Book | WO |